Manual de prevención de accidentes de trabajo

Salvato in:
Dettagli Bibliografici
Autore principale: Blake, Roland P (autor)
Natura: Libro
Lingua:spagnolo
Pubblicazione: Ciudad de México, México Reverté 1962
Edizione:3a. ed
Soggetti:
Tags: Aggiungi Tag
Nessun Tag, puoi essere il primo ad aggiungerne!!

MARC

LEADER 00000nam a2200000 a 4500
001 UCV1716
003 CL-VaPUC
005 20210427120958.0
008 901122e19620000MX |||||||||||||||||spa|d
999 |c 209569  |d 209567 
040 |c Pontificia Universidad Católica de Valparaíso 
082 0 4 |a 658.382 BLA 1962  |2 21 
100 0 |a Blake, Roland P  |e autor  |9 295957 
245 1 0 |a Manual de prevención de accidentes de trabajo 
250 |a 3a. ed 
260 0 3 |a Ciudad de México, México  |b Reverté  |c 1962 
300 |a 323 páginas 
583 |a last modification  |c 19901122 00:00:00  |k Rodrigo Vera 
650 0 |a Accidentes de trabajo  |9 254901 
650 7 |a SEGURIDAD INDUSTRIAL  |2 CL-VaPUC  |9 254906 
942 |c BK  |2 ddc 
945 |d 19901122 00:00:00 
952 |0 0  |1 0  |2 ddc  |4 0  |6 658_382000000000000_BLA_1962  |7 0  |8 P  |9 185057  |a BIBDER  |b BIBDER  |d 2019-11-14  |i 2524376  |o 658.382 BLA 1962  |p 2524376  |r 2023-01-25  |t 1  |w 2019-11-14  |y BK  |k DER